Manual of University Laws in Pakistan (Record no. 617420)

000 -LEADER
fixed length control field 00492nam a22001697a 4500
003 - CONTROL NUMBER IDENTIFIER
control field NUST
005 - DATE AND TIME OF LATEST TRANSACTION
control field 20260512154443.0
008 - FIXED-LENGTH DATA ELEMENTS--GENERAL INFORMATION
fixed length control field 260512b ||||| |||| 00| 0 eng d
010 ## - LIBRARY OF CONGRESS CONTROL NUMBER
LC control number 969-8961-01-1
082 ## - DEWEY DECIMAL CLASSIFICATION NUMBER
Classification number 338.5
Author Mark MUH
100 ## - MAIN ENTRY--PERSONAL NAME
Personal name U.G.A. Isani, Muhammad Latif Virk.
9 (RLIN) 134424
245 ## - TITLE STATEMENT
Title Manual of University Laws in Pakistan
Statement of responsibility, etc. U.G.A. Isani, Muhammad Latif Virk.
260 ## - PUBLICATION, DISTRIBUTION, ETC.
Place of publication, distribution, etc. Pakistan
Name of publisher, distributor, etc. Iqra University,
Date of publication, distribution, etc. 2006
300 ## - PHYSICAL DESCRIPTION
Extent 733 p ;
Dimensions 36.00
563 ## - BINDING INFORMATION
Binding note Hardcover
942 ## - ADDED ENTRY ELEMENTS (KOHA)
Source of classification or shelving scheme
Koha item type Book
Holdings
Withdrawn status Lost status Source of classification or shelving scheme Damaged status Not for loan Permanent Location Current Location Date acquired Serial Enumeration / chronology Total Checkouts Full call number Barcode Date last seen Price effective from Koha item type
          Institute of Geographical Information Systems (IGIS) Institute of Geographical Information Systems (IGIS) 05/12/2026 Volume 1   338.5 MUH IGIS-697 05/12/2026 05/12/2026 Book
          Institute of Geographical Information Systems (IGIS) Institute of Geographical Information Systems (IGIS) 05/12/2026 Volume II   338.5 MUH IGIS-699 05/12/2026 05/12/2026 Book
          Institute of Geographical Information Systems (IGIS) Institute of Geographical Information Systems (IGIS) 05/12/2026 Volume III   338.5 MUH IGIS-708 05/12/2026 05/12/2026 Book
© 2023 Central Library, National University of Sciences and Technology. All Rights Reserved.